16 años dulces = Sweet Sixteen /

-д хадгалсан:
Номзүйн дэлгэрэнгүй
Үндсэн зохиолч: Loach, Ken (realización)
Бусад зохиолчид: Laverty, Paul (guión) (guión), Ackroyd, Barry (fotógrafo) (fotógrafo), Morris, Jonathan (montaje) (montaje), Fenton, George (música) (música), Compston, Martin (actuación) (actuación), Fulton, Annmarie (actuación) (actuación), Ruane, William (actuación) (actuación), Loach, Ken (comentarios) (comentarios)
Формат: Гулсуулах
Хэл сонгох:англи
Хэвлэсэн: Londres, Inglaterra : Sixteen Films, 2002, c2002
Нөхцлүүд:
Шошгууд: Шошго нэмэх
Шошго байхгүй, Энэхүү баримтыг шошголох эхний хүн болох!

MARC

LEADER 00000ngm^a2200000^a^4500
001 000267506
005 20250521000000.0
009 20260310110823.967
020 |a 1-59435-002-7 
037 |a Acervo ITESO - Biblioteca 
041 |a ING 
082 |a 820.  |b LOA 
100 |a Loach, Ken  |e (realización) 
240 1 1 |a [Felices dieciséis] 
245 1 0 |a 16 años dulces =  |b Sweet Sixteen /  |c Realización de K. Loach. 
246 2 |a Título en México: Felices dieciséis 
246 2 |a Título en la cubierta: Sweet Sixteen 
264 4 |a Londres, Inglaterra :  |b Sixteen Films,  |c 2002, c2002 
264 2 |a Santa Mónica, EUA :  |b Lionsgate [distribución],  |c 2003, c2003 
300 |a 1 DVD región 1  |c (106, 14 min.) 
336 |a imagen móvil bidimensional  |b tdi  |2 rdacontenido 
337 |a video  |b v  |2 rdamedio 
338 |a videodisco  |b vd  |2 rdasoporte 
545 0 |a Ken Loach (Nuneaton, 1936), cineasta inglés conocido mundialmente por el estilo realista de sus trabajos fílmicos y televisuales, que presentan una fuerte impronta del género documental y una visión crítica y comprometida de diversos problemas sociales y políticos. Comienza su trayectoria audiovisual en 1964 en la televisión inglesa, etapa en la que sobresale su fructífero trabajo para la serie Wednesday Play (1965-69), pero es a través de sus películas Pobre vaca (1968), Kes (1969, Globo de Cristal a la Mejor Película en el Festival de Karlovy Vary de 1970) y Vida en familia (1971, ganadora de tres premios en el Festival de Berlín de 1972) que accede a las audiencias internacionales. Pese al reconocimiento alcanzado en festivales y ante la crítica fílmica, se dedica los años setenta y ochenta a dirigir sobre todo producciones para televisión, varias de las cuales son censuradas debido a su oposición al gobierno de Margaret Thatcher. Agenda secreta (1990, Premio del Jurado en el Festival de Cannes) demarca el regreso de Loach al cine y la reanudación de una filmografía de notables rigor narrativo-formal y congruencia, con títulos como Riff-Raff (1991, Premio Félix de la Academia Europea a la Mejor Película del año), Lluvia de piedras (1993), Maternidad prohibida (1994), Mi nombre es Joe (1998, Espiga de Oro a la mejor película en el Festival de Valladolid), Felices dieciséis (2002, Espiga de Oro) y Vientos de libertad (2006, Palma de Oro a la mejor película en Cannes). Tierra y libertad (1995, Premio de la Crítica Internacional en Cannes), Espíritu de cristal (1996) y Lejos de casa (2000) abordan, con resultados dispares, temas situados en contextos diferentes a Gran Bretaña, pero el gran legado de Loach ha sido reflejar varias de las aristas y situaciones más problemáticas de la historia y vida británicas de su época. 
546 |a En escocés e inglés, con subtítulos opcionales: español, inglés 
586 |a Premio de la Academia Europea de Cine (15°: 2002): Mejor Dirección (finalista: Ken Loach) 
586 |a Premio César, de la Academia Francesa de Cine (28°: 2003): Mejor Película de la Unión Europea (finalista) 
649 |a XX 
650 |a Adolescentes en el Cine 
650 |a Adolescentes -  |z Escocia -  |x Condiciones Sociales y Culturales 
650 |a Clase Baja en el Cine 
650 |a Clase Baja -  |z Escocia -  |x Condiciones Sociales y Culturales 
650 |a Cine Social y Político 
650 |a Dramas Cinematográficos 
650 |a Cine Independiente -  |z Inglaterra 
650 |a Cine Inglés -  |y 2000-2009 
650 |a Cine Inglés -  |y Siglo XXI 
650 |a Desarrollo Emocional 
650 |a Desarrollo Moral 
650 |a Relaciones Padres-Hijos 
650 |a Relaciones Familiares 
650 |a Delincuencia Juvenil -  |z Escocia -  |x Tema Principal 
650 |a Narcotráfico -  |z Escocia 
650 |a Crimen Organizado -  |z Escocia 
650 |a Problemas Sociales -  |z Escocia 
650 |a Glasgow, Escocia en el Cine 
650 |a Escocia en el Cine 
740 0 |a Sweet Sixteen :  |b Deleted Scenes / 
700 |a Laverty, Paul  |e (guión) 
700 |a Ackroyd, Barry  |e (fotógrafo) 
700 |a Morris, Jonathan  |e (montaje) 
700 |a Fenton, George  |e (música) 
700 |a Compston, Martin  |e (actuación) 
700 |a Fulton, Annmarie  |e (actuación) 
700 |a Ruane, William  |e (actuación) 
700 |a Loach, Ken  |e (comentarios) 
910 |a Fondo General 
920 |a Audiovisuales - DVDs 
940 |a Películas 
905 |a 302 
901 |a 0500146266  |b IT2  |c DVS  |u 20250521 
902 |a https://opac.biblio.iteso.mx/vufind/Record/000267506